The Malaysian legal system / (Record no. 1816)
[ view plain ]
| 000 -LEADER | |
|---|---|
| fixed length control field | nam a22 a 4500 |
| 003 - CONTROL NUMBER IDENTIFIER | |
| control field | AKMAL |
| 005 - DATE AND TIME OF LATEST TRANSACTION | |
| control field | 20170512095354.0 |
| 008 - FIXED-LENGTH DATA ELEMENTS--GENERAL INFORMATION | |
| fixed length control field | 170512s1987 my a00 eng d |
| 040 ## - CATALOGING SOURCE | |
| Original cataloging agency | AKMAL |
| 082 04 - DEWEY DECIMAL CLASSIFICATION NUMBER | |
| Classification number | 342.05 IBR |
| 090 00 - LOCALLY ASSIGNED LC-TYPE CALL NUMBER (OCLC); LOCAL CALL NUMBER (RLIN) | |
| Classification number (OCLC) (R) ; Classification number, CALL (RLIN) (NR) | 342.05 |
| Local cutter number (OCLC) ; Book number/undivided call number, CALL (RLIN) | IBR |
| 100 0# - MAIN ENTRY--PERSONAL NAME | |
| Personal name | Ahmad Ibrahim, |
| Titles and words associated with a name | Tan Sri Datuk, |
| Dates associated with a name | 1916- |
| 9 (RLIN) | 3753 |
| 245 14 - TITLE STATEMENT | |
| Title | The Malaysian legal system / |
| Statement of responsibility, etc. | Ahmad Ibrahim, Ahilemah Joned |
| 260 ## - PUBLICATION, DISTRIBUTION, ETC. | |
| Place of publication, distribution, etc. | Kuala Lumpur : |
| Name of publisher, distributor, etc. | Dewan Bahasa dan Pustaka, |
| Date of publication, distribution, etc. | 1987 |
| 300 00 - PHYSICAL DESCRIPTION | |
| Extent | xxvii, 377p. ; |
| Dimensions | 22cm |
| 504 ## - BIBLIOGRAPHY, ETC. NOTE | |
| Bibliography, etc. note | Bibliography: p.357-363 |
| 650 #0 - SUBJECT ADDED ENTRY--TOPICAL TERM | |
| Topical term or geographic name entry element | Law |
| Geographic subdivision | Malaysia |
| 9 (RLIN) | 450 |
| 700 0# - ADDED ENTRY--PERSONAL NAME | |
| Personal name | Ahilemah Joned |
| 9 (RLIN) | 3754 |
| 942 ## - ADDED ENTRY ELEMENTS (KOHA) | |
| Source of classification or shelving scheme | |
| Koha item type | Book |
| Withdrawn status | Lost status | Source of classification or shelving scheme | Damaged status | Not for loan | Collection code | Home library | Current library | Shelving location | Date acquired | Inventory number | Total Checkouts | Full call number | Barcode | Date last seen | Price effective from | Koha item type |
|---|---|---|---|---|---|---|---|---|---|---|---|---|---|---|---|---|
| NON-FICTION | AKMAL Melaka | AKMAL Melaka | PINJAMAN | 12.05.2017 | 301287 | 342.05 IBR | 201705842 | 12.05.2017 | 12.05.2017 | Book |
